| 000 | 00456nam a2200145 4500 | ||
|---|---|---|---|
| 999 |
_c9431 _d9431 |
||
| 008 | 151027b xxu||||| |||| 00| 0 eng d | ||
| 020 | _a9966251510 | ||
| 050 | _aPR 9387.9.O35M6 2002 | ||
| 100 | _aOgbu, Osi. | ||
| 245 |
_aThe moon also sets/ _cOsi Ogbu |
||
| 260 |
_aNairobi : _bEast African Educational Publishers, _c2002. |
||
| 300 |
_a308 p. ; _c17cm. |
||
| 650 | _aAfrican Fiction. | ||
| 942 |
_2lcc _cAFRICANA _hPR 9387.9.O35M6 2002 |
||